nuances de bleu - Statistiques

Statistiques générales
  • Ce quiz a été pris 80 fois
  • Le résultat moyen est 10 sur 49
Statistiques - réponses
Réponse % Correct
marine
88%
ciel
84%
turquoise
79%
azur
58%
cyan
58%
canard
54%
bleu
51%
indigo
47%
roi
47%
nuit
42%
pétrole
35%
électrique
33%
saphir
32%
outremer
28%
lavande
26%
pastel
23%
cobalt
18%
pervenche
18%
bleuet
16%
de Prusse
16%
aigue-marine
14%
bleu-vert
14%
paon
12%
majorelle
11%
sarcelle
11%
de France
9%
acier
7%
céleste
7%
de minuit
7%
denim
7%
persan
7%
smalt
7%
tiffany
7%
turquin
7%
bleu bébé
5%
bleu-violet
5%
céruléum
5%
charrette
5%
égyptien
5%
fumée
5%
givré
5%
horizon
5%
azuré
4%
oregon
4%
savoie
4%
dragée
2%
gris de lin
2%
safre
2%
barbeau
0%
Aucun quiz correspondant
Distribution des résultats
% des personnes avec chaque résultat
Percentile par nombre de réponses
Votre historique - résultats
Vous n’avez pas pris ce quiz